Statistics for Last Lines of Beatles Songs

Click here to take the quiz!

General Stats

  • This quiz has been taken 115 times
  • The average score is 14 of 20

Answer Stats

QuestionAnswer% Correct
Well shake it, shake it, shake it baby nowTwist and Shout
97%
Where do they all belong?Eleanor Rigby
91%
Making all his nowhere plans for nobodyNowhere Man
88%
Beep beep mm beep beep yeahDrive My Car
87%
Goo goo g'joob joob joob joobI Am The Walrus
87%
I'd love to turn you onA Day in the Life
81%
You were only waiting for this moment to ariseBlackbird
81%
You know I believe and howSomething
74%
Jai guru devaAcross The Universe
73%
They're going to crucify meBallad Of John And Yoko
73%
Wonder how you manage to make ends meetLady Madonna
73%
Don't keep me waiting here, lead me to your door, yeah yeah yeah yeahThe Long And Winding Road
72%
Made sure that he was deadMaxwell's Silver Hammer
70%
My baby don't careTicket To Ride
69%
Dying to take you away, take you todayMagical Mystery Tour
66%
See the world spinning 'roundFool On The Hill
60%
You know I feel alrightA Hard Day's Night
40%
It's all rightHere Comes The Sun
39%
Yes it's so hard loving you, loving youIt's Only Love
33%
Oh I said I wish you were mineDizzy Miss Lizzy
16%

Score Distribution

Percentile by Number Answered

Percent of People with Each Score

Your Score History

You have not taken this quiz